[Event "Campeonato España Sub 14"]
[Site "Salobreña"]
[Date "2017.07.19"]
[Round "4"]
[White "Martinez Aragon, Aitor"]
[Black "Perez Beltran, Salvador"]
[Result "0-1"]
[Board "15"]
[WhiteClock "1:30"]
[WhiteElo "1667"]
[WhiteCountry "ESP"]
[WhiteFideId "24563900"]
[WhiteEloChange "-5"]
[BlackClock "1:30"]
[BlackElo "1854"]
[BlackCountry "ESP"]
[BlackFideId "32063008"]
[BlackEloChange "5"]

1. b3 {[%clk 1:30:00]} e5 {[%clk 1:30:00]} 2. Bb2 {[%clk 1:31:00]} Nc6 {[%clk
1:31:00]} 3. e3 {[%clk 1:31:00]} Nf6 {[%clk 1:31:00]} 4. Bb5 {[%clk 1:31:00]} Bd6
{[%clk 1:30:00]} 5. Na3 {[%clk 1:31:00]} Na5 {[%clk 1:27:00]} 6. Nc4 {[%clk
1:27:00]} Nxc4 {[%clk 1:24:00]} 7. Bxc4 {[%clk 1:27:00]} O-O {[%clk 1:17:00]} 8.
Ne2 {[%clk 1:23:00]} c6 {[%clk 1:07:00]} 9. Ng3 {[%clk 1:16:00]} Bc7 {[%clk
1:00:00]} 10. e4 {[%clk 1:08:00]} d5 {[%clk 0:59:00]} 11. exd5 {[%clk 1:06:00]}
cxd5 {[%clk 0:59:00]} 12. Be2 {[%clk 1:05:00]} Be6 {[%clk 0:55:00]} 13. O-O
{[%clk 1:02:00]} Nd7 {[%clk 0:47:00]} 14. Ba3 {[%clk 0:52:00]} Re8 {[%clk
0:47:00]} 15. Bg4 {[%clk 0:51:00]} Qg5 {[%clk 0:41:00]} 16. Bxe6 {[%clk 0:51:00]}
Rxe6 {[%clk 0:41:00]} 17. d3 {[%clk 0:49:00]} f5 {[%clk 0:37:00]} 18. f4 {[%clk
0:37:00]} exf4 {[%clk 0:29:00]} 19. Bc1 {[%clk 0:37:00]} Rh6 {[%clk 0:23:00]} 20.
Qf3 {[%clk 0:32:00]} Bb6+ {[%clk 0:23:00]} 21. Kh1 {[%clk 0:32:00]} Rxh2+ {[%clk
0:23:00]} 22. Kxh2 {[%clk 0:32:00]} Qh4# {[%clk 0:23:00]} 0-1

[Event "Campeonato España Sub 14"]
[Site "Salobreña"]
[Date "2017.07.19"]
[Round "4"]
[White "Bustos Bernardo, Diego"]
[Black "Gonzalez Guedes, Iyan"]
[Result "1-0"]
[Board "16"]
[WhiteClock "1:30"]
[WhiteElo "1589"]
[WhiteCountry "ESP"]
[WhiteFideId "24523372"]
[WhiteEloChange "16"]
[BlackClock "1:30"]
[BlackElo "1853"]
[BlackCountry "ESP"]
[BlackFideId "24524131"]
[BlackEloChange "-16"]

1. Nf3 {[%clk 1:30:00]} Nf6 {[%clk 1:30:00]} 2. c4 {[%clk 1:31:00]} g6 {[%clk
1:31:00]} 3. Nc3 {[%clk 1:31:00]} Bg7 {[%clk 1:31:00]} 4. e4 {[%clk 1:31:00]} d6
{[%clk 1:32:00]} 5. d4 {[%clk 1:32:00]} O-O {[%clk 1:32:00]} 6. Be2 {[%clk
1:32:00]} e5 {[%clk 1:33:00]} 7. O-O {[%clk 1:31:00]} Nc6 {[%clk 1:33:00]} 8. d5
{[%clk 1:32:00]} Ne7 {[%clk 1:33:00]} 9. Ne1 {[%clk 1:31:00]} Ne8 {[%clk
1:33:00]} 10. Be3 {[%clk 1:31:00]} f5 {[%clk 1:33:00]} 11. f3 {[%clk 1:31:00]} f4
{[%clk 1:34:00]} 12. Bf2 {[%clk 1:31:00]} g5 {[%clk 1:34:00]} 13. a4 {[%clk
1:30:00]} Ng6 {[%clk 1:34:00]} 14. Nd3 {[%clk 1:21:00]} Rf7 {[%clk 1:30:00]} 15.
c5 {[%clk 1:19:00]} Bf8 {[%clk 1:31:00]} 16. cxd6 {[%clk 1:10:00]} cxd6 {[%clk
1:31:00]} 17. a5 {[%clk 1:03:00]} Nf6 {[%clk 1:27:00]} 18. Nb5 {[%clk 1:00:00]}
a6 {[%clk 1:25:00]} 19. Bb6 {[%clk 0:58:00]} Qe7 {[%clk 1:22:00]} 20. Nc7 {[%clk
0:57:00]} Rb8 {[%clk 1:22:00]} 21. Ba7 {[%clk 0:48:00]} Qxc7 {[%clk 1:21:00]} 22.
Rc1 {[%clk 0:48:00]} Qxa5 {[%clk 1:21:00]} 23. Bxb8 {[%clk 0:49:00]} Bd7 {[%clk
1:20:00]} 24. Bc7 {[%clk 0:44:00]} Qa4 {[%clk 1:17:00]} 25. Qxa4 {[%clk 0:42:00]}
Bxa4 {[%clk 1:17:00]} 26. Bb6 {[%clk 0:41:00]} h5 {[%clk 1:12:00]} 27. Rc7 {[%clk
0:40:00]} Bd7 {[%clk 0:59:00]} 28. Rxb7 {[%clk 0:38:00]} g4 {[%clk 0:58:00]} 29.
Nb4 {[%clk 0:37:00]} gxf3 {[%clk 0:56:00]} 30. Bxf3 {[%clk 0:22:00]} Nh4 {[%clk
0:41:00]} 31. Nxa6 {[%clk 0:22:00]} Nxf3+ {[%clk 0:41:00]} 32. gxf3 {[%clk
0:22:00]} Be7 {[%clk 0:35:00]} 33. Nb8 {[%clk 0:22:00]} Bh3 {[%clk 0:34:00]} 34.
Rf2 {[%clk 0:22:00]} Nxe4 {[%clk 0:33:00]} 35. fxe4 {[%clk 0:21:00]} Rg7+ {[%clk
0:33:00]} 36. Kh1 {[%clk 0:21:00]} f3 {[%clk 0:33:00]} 37. Nc6 {[%clk 0:20:00]}
Bg2+ {[%clk 0:31:00]} 38. Rxg2 {[%clk 0:19:47]} Rxg2 {[%clk 0:31:00]} 39. Nxe7+
{[%clk 0:19:47]} Kf8 {[%clk 0:31:00]} 40. Bg1 {[%clk 0:17:43]} Rc2 {[%clk
0:29:00]} 41. Ng6+ {[%clk 0:16:21]} Ke8 {[%clk 0:29:00]} 42. Re7+ {[%clk
0:15:18]} Kd8 {[%clk 0:29:00]} 43. Bb6+ {[%clk 0:15:39]} Kc8 {[%clk 0:29:00]} 44.
Rc7+ {[%clk 0:15:39]} 1-0

[Event "Campeonato España Sub 14"]
[Site "Salobreña"]
[Date "2017.07.19"]
[Round "4"]
[White "Bertomeu Ginestar, Antoni"]
[Black "Povill Claros, Laura"]
[Result "1-0"]
[Board "17"]
[WhiteClock "1:30"]
[WhiteElo "1660"]
[WhiteCountry "ESP"]
[WhiteFideId "24528277"]
[WhiteEloChange "15"]
[BlackClock "1:30"]
[BlackElo "1831"]
[BlackCountry "ESP"]
[BlackFideId "32065957"]
[BlackEloChange "-15"]

1. e4 {[%clk 1:30:00]} c5 {[%clk 1:30:00]} 2. Nf3 {[%clk 1:31:00]} Nc6 {[%clk
1:31:00]} 3. d4 {[%clk 1:31:00]} cxd4 {[%clk 1:31:00]} 4. Nxd4 {[%clk 1:31:00]}
g6 {[%clk 1:31:00]} 5. Nc3 {[%clk 1:31:00]} Bg7 {[%clk 1:31:00]} 6. Nb3 {[%clk
1:32:00]} Nf6 {[%clk 1:31:00]} 7. Bc4 {[%clk 1:32:00]} O-O {[%clk 1:31:00]} 8.
O-O {[%clk 1:32:00]} d6 {[%clk 1:30:00]} 9. Re1 {[%clk 1:32:00]} Bd7 {[%clk
1:27:00]} 10. Nd5 {[%clk 1:29:00]} Ne5 {[%clk 1:22:00]} 11. Bf1 {[%clk 1:29:00]}
Bc6 {[%clk 1:20:00]} 12. Bg5 {[%clk 1:26:00]} Ned7 {[%clk 1:15:00]} 13. c3 {[%clk
1:22:00]} Rc8 {[%clk 1:10:00]} 14. Qd2 {[%clk 1:09:00]} Re8 {[%clk 1:05:00]} 15.
Rad1 {[%clk 1:01:00]} a6 {[%clk 0:59:00]} 16. Nd4 {[%clk 0:50:00]} Bxd5 {[%clk
0:58:00]} 17. exd5 {[%clk 0:50:00]} Nxd5 {[%clk 0:45:00]} 18. Nf5 {[%clk
0:46:00]} N5f6 {[%clk 0:45:00]} 19. Nxg7 {[%clk 0:46:00]} Kxg7 {[%clk 0:46:00]}
20. Re3 {[%clk 0:30:00]} Rc5 {[%clk 0:38:00]} 21. Rh3 {[%clk 0:27:00]} Rd5 {[%clk
0:35:00]} 22. Bxf6+ {[%clk 0:27:00]} Nxf6 {[%clk 0:33:00]} 23. Qh6+ {[%clk
0:27:00]} Kg8 {[%clk 0:33:00]} 24. Rxd5 {[%clk 0:27:00]} Qb6 {[%clk 0:30:00]} 25.
b3 {[%clk 0:22:00]} Rc8 {[%clk 0:26:00]} 26. Rdd3 {[%clk 0:21:00]} Rc5 {[%clk
0:23:00]} 27. Rdf3 {[%clk 0:18:45]} Rh5 {[%clk 0:17:40]} 28. Rxh5 {[%clk
0:18:44]} Nxh5 {[%clk 0:17:59]} 29. Qe3 {[%clk 0:17:17]} Qc7 {[%clk 0:17:51]} 30.
Bc4 {[%clk 0:16:11]} Nf6 {[%clk 0:17:23]} 31. Qd4 {[%clk 0:14:56]} Qd7 {[%clk
0:16:01]} 32. h3 {[%clk 0:12:23]} b5 {[%clk 0:15:02]} 33. Bd3 {[%clk 0:11:19]}
Qb7 {[%clk 0:14:18]} 34. c4 {[%clk 0:11:17]} Qb8 {[%clk 0:10:50]} 35. cxb5 {[%clk
0:11:05]} axb5 {[%clk 0:11:12]} 36. Qb4 {[%clk 0:11:05]} 1-0

[Event "Campeonato España Sub 14"]
[Site "Salobreña"]
[Date "2017.07.19"]
[Round "4"]
[White "Duller Llopis, Jouke"]
[Black "Quispe Arteaga, Gabriel"]
[Result "0-1"]
[Board "18"]
[WhiteClock "1:30"]
[WhiteElo "1631"]
[WhiteCountry "ESP"]
[WhiteFideId "32048998"]
[WhiteEloChange "-2"]
[BlackClock "1:30"]
[BlackTitle "FM"]
[BlackElo "2231"]
[BlackCountry "ESP"]
[BlackFideId "32059809"]
[BlackEloChange "2"]

1. d4 {[%clk 1:30:00]} Nf6 {[%clk 1:30:00]} 2. Nf3 {[%clk 1:31:00]} d5 {[%clk
1:31:00]} 3. e3 {[%clk 1:31:00]} c5 {[%clk 1:31:00]} 4. c3 {[%clk 1:30:00]} Qc7
{[%clk 1:32:00]} 5. Bd3 {[%clk 1:30:00]} Bg4 {[%clk 1:32:00]} 6. O-O {[%clk
1:29:00]} e6 {[%clk 1:32:00]} 7. Nbd2 {[%clk 1:28:00]} Nc6 {[%clk 1:33:00]} 8.
Re1 {[%clk 1:27:00]} Bd6 {[%clk 1:28:00]} 9. dxc5 {[%clk 1:26:00]} Bxc5 {[%clk
1:29:00]} 10. b4 {[%clk 1:20:00]} Bd6 {[%clk 1:29:00]} 11. h3 {[%clk 1:20:00]}
Bh5 {[%clk 1:29:00]} 12. e4 {[%clk 1:20:00]} O-O {[%clk 1:24:00]} 13. exd5 {[%clk
1:00:00]} exd5 {[%clk 1:25:00]} 14. Qb3 {[%clk 1:00:00]} Rac8 {[%clk 1:21:00]}
15. Bb2 {[%clk 0:55:00]} Bf4 {[%clk 1:20:00]} 16. Be2 {[%clk 0:42:00]} Rfe8
{[%clk 1:16:00]} 17. Nf1 {[%clk 0:39:00]} Qb6 {[%clk 0:58:00]} 18. Bc1 {[%clk
0:36:00]} Bxc1 {[%clk 0:48:00]} 19. Raxc1 {[%clk 0:36:00]} Ne4 {[%clk 0:49:00]}
20. Ne3 {[%clk 0:33:00]} Nxf2 {[%clk 0:49:00]} 21. Qxd5 {[%clk 0:25:00]} Qxe3
{[%clk 0:45:00]} 22. Qxh5 {[%clk 0:16:57]} Nxh3+ {[%clk 0:45:00]} 23. Kh2 {[%clk
0:16:03]} Nf4 {[%clk 0:45:00]} 24. Qb5 {[%clk 0:07:16]} Nxe2 {[%clk 0:45:00]} 25.
Qh5 {[%clk 0:03:15]} Qf4+ {[%clk 0:45:00]} 0-1

[Event "Campeonato España Sub 14"]
[Site "Salobreña"]
[Date "2017.07.19"]
[Round "4"]
[White "Del Carmen Hernandez, Aimer"]
[Black "Gomez Carreno, Martin"]
[Result "0-1"]
[Board "19"]
[WhiteClock "1:30"]
[WhiteElo "1625"]
[WhiteCountry "ESP"]
[WhiteFideId "32097034"]
[WhiteEloChange "-2"]
[BlackClock "1:30"]
[BlackElo "2089"]
[BlackCountry "ESP"]
[BlackFideId "32066171"]
[BlackEloChange "2"]

1. e4 {[%clk 1:30:00]} c5 {[%clk 1:30:00]} 2. Nf3 {[%clk 1:31:00]} Nc6 {[%clk
1:31:00]} 3. d4 {[%clk 1:31:00]} cxd4 {[%clk 1:31:00]} 4. Nxd4 {[%clk 1:32:00]}
Nf6 {[%clk 1:32:00]} 5. Nc3 {[%clk 1:32:00]} e5 {[%clk 1:32:00]} 6. Nf3 {[%clk
1:15:00]} Bb4 {[%clk 1:32:00]} 7. Bd2 {[%clk 1:16:00]} Bxc3 {[%clk 1:32:00]} 8.
Bxc3 {[%clk 1:16:00]} Nxe4 {[%clk 1:32:00]} 9. Bxe5 {[%clk 1:16:00]} Nxe5 {[%clk
1:29:00]} 10. Nxe5 {[%clk 1:16:00]} Qa5+ {[%clk 1:30:00]} 11. c3 {[%clk 1:11:00]}
Qxe5 {[%clk 1:30:00]} 12. Qe2 {[%clk 1:10:00]} Qe6 {[%clk 1:30:00]} 13. O-O-O
{[%clk 1:10:00]} O-O {[%clk 1:29:00]} 14. f3 {[%clk 1:07:00]} Nf6 {[%clk
1:27:00]} 15. Qc2 {[%clk 1:06:00]} b6 {[%clk 1:24:00]} 16. g4 {[%clk 1:04:00]}
Bb7 {[%clk 1:23:00]} 17. Bg2 {[%clk 1:04:00]} Nd5 {[%clk 1:18:00]} 18. Rde1
{[%clk 1:02:00]} Qh6+ {[%clk 1:18:00]} 19. Kb1 {[%clk 1:02:00]} Qg6 {[%clk
1:16:00]} 20. Qxg6 {[%clk 1:01:00]} hxg6 {[%clk 1:17:00]} 21. Rhf1 {[%clk
1:01:00]} Rfe8 {[%clk 1:16:00]} 22. Bh1 {[%clk 1:00:00]} Nf4 {[%clk 1:15:00]} 23.
Rd1 {[%clk 1:00:00]} Bc6 {[%clk 1:15:00]} 24. Rfe1 {[%clk 0:59:00]} g5 {[%clk
1:15:00]} 25. Kc2 {[%clk 0:58:00]} Kf8 {[%clk 1:14:00]} 26. b3 {[%clk 0:58:00]}
Rxe1 {[%clk 1:13:00]} 27. Rxe1 {[%clk 0:58:00]} Re8 {[%clk 1:14:00]} 28. Rxe8+
{[%clk 0:58:00]} Kxe8 {[%clk 1:14:00]} 29. Kd2 {[%clk 0:57:00]} Ke7 {[%clk
1:15:00]} 30. Ke3 {[%clk 0:57:00]} f6 {[%clk 1:14:00]} 31. c4 {[%clk 0:57:00]} d5
{[%clk 1:12:00]} 32. cxd5 {[%clk 0:57:00]} Bxd5 {[%clk 1:12:00]} 33. h4 {[%clk
0:57:00]} Kd6 {[%clk 1:12:00]} 34. hxg5 {[%clk 0:57:00]} fxg5 {[%clk 1:12:00]}
35. Kd4 {[%clk 0:57:00]} a5 {[%clk 1:12:00]} 36. Kc3 {[%clk 0:56:00]} Kc5 {[%clk
1:13:00]} 37. Kc2 {[%clk 0:55:00]} Kd4 {[%clk 1:12:00]} 38. Kd2 {[%clk 0:55:00]}
b5 {[%clk 1:11:00]} 39. Kc2 {[%clk 0:55:00]} Ke3 {[%clk 1:11:00]} 40. Kc3 {[%clk
0:55:00]} b4+ {[%clk 1:11:00]} 41. Kc2 {[%clk 0:54:00]} Bxf3 {[%clk 1:11:00]} 42.
Bxf3 {[%clk 0:55:00]} Kxf3 {[%clk 1:11:00]} 43. Kd2 {[%clk 0:55:00]} Kxg4 {[%clk
1:12:00]} 44. Ke3 {[%clk 0:55:00]} Kf5 {[%clk 1:12:00]} 45. Kf3 {[%clk 0:55:00]}
g4+ {[%clk 1:12:00]} 46. Kg3 {[%clk 0:56:00]} Ne2+ {[%clk 1:13:00]} 47. Kg2
{[%clk 0:56:00]} Nc1 {[%clk 1:13:00]} 0-1

[Event "Campeonato España Sub 14"]
[Site "Salobreña"]
[Date "2017.07.19"]
[Round "4"]
[White "Atipov Hadzhiev, Cristian"]
[Black "Ros Alonso, Joana"]
[Result "0-1"]
[Board "20"]
[WhiteClock "1:30"]
[WhiteElo "1618"]
[WhiteCountry "ESP"]
[WhiteFideId "24543810"]
[WhiteEloChange "-2"]
[BlackClock "1:30"]
[BlackElo "1966"]
[BlackCountry "ESP"]
[BlackFideId "32013426"]
[BlackEloChange "2"]

1. e4 {[%clk 1:30:00]} e6 {[%clk 1:30:00]} 2. d4 {[%clk 1:31:00]} d5 {[%clk
1:31:00]} 3. Nd2 {[%clk 1:31:00]} Nf6 {[%clk 1:31:00]} 4. e5 {[%clk 1:32:00]}
Nfd7 {[%clk 1:32:00]} 5. c3 {[%clk 1:32:00]} c5 {[%clk 1:32:00]} 6. Bd3 {[%clk
1:32:00]} Nc6 {[%clk 1:32:00]} 7. Ndf3 {[%clk 1:32:00]} cxd4 {[%clk 1:32:00]} 8.
cxd4 {[%clk 1:32:00]} f6 {[%clk 1:29:00]} 9. exf6 {[%clk 1:32:00]} Nxf6 {[%clk
1:28:00]} 10. Nh3 {[%clk 1:32:00]} Bd6 {[%clk 1:22:00]} 11. O-O {[%clk 1:32:00]}
O-O {[%clk 1:20:00]} 12. Re1 {[%clk 1:31:00]} Qc7 {[%clk 1:12:00]} 13. Nhg5
{[%clk 1:32:00]} e5 {[%clk 0:54:00]} 14. dxe5 {[%clk 1:32:00]} Nxe5 {[%clk
0:53:00]} 15. Bxh7+ {[%clk 1:32:00]} Nxh7 {[%clk 0:37:00]} 16. Rxe5 {[%clk
1:32:00]} Nf6 {[%clk 0:28:00]} 17. Ne6 {[%clk 1:24:00]} Bxe6 {[%clk 0:21:00]} 18.
Rxe6 {[%clk 1:24:00]} Qd7 {[%clk 0:15:19]} 19. Re1 {[%clk 1:21:00]} Rac8 {[%clk
0:13:47]} 20. Bg5 {[%clk 1:20:00]} Qf5 {[%clk 0:12:50]} 21. Bxf6 {[%clk 1:13:00]}
Rxf6 {[%clk 0:13:04]} 22. Rf1 {[%clk 1:11:00]} Qh5 {[%clk 0:12:24]} 23. h3 {[%clk
1:11:00]} Rcf8 {[%clk 0:09:51]} 24. Rc1 {[%clk 0:55:00]} Rxf3 {[%clk 0:05:27]}
25. gxf3 {[%clk 0:54:00]} Qg5+ {[%clk 0:04:00]} 26. Kh1 {[%clk 0:54:00]} Qe5
{[%clk 0:02:40]} 27. f4 {[%clk 0:54:00]} Rxf4 {[%clk 0:02:13]} 28. Qd3 {[%clk
0:46:00]} Rg4 {[%clk 0:01:00]} 29. Rc8+ {[%clk 0:46:00]} Kf7 {[%clk 0:01:26]} 30.
f4 {[%clk 0:44:00]} Qh5 {[%clk 0:01:00]} 31. Rd8 {[%clk 0:37:00]} Rh4 {[%clk
0:01:00]} 32. Rd7+ {[%clk 0:37:00]} Ke6 {[%clk 0:00:57]} 33. Rxd6+ {[%clk
0:35:00]} Kxd6 {[%clk 0:01:22]} 34. Qa3+ {[%clk 0:36:00]} Kd7 {[%clk 0:01:25]}
35. Qa4+ {[%clk 0:36:00]} Kd8 {[%clk 0:01:29]} 36. Qd1 {[%clk 0:26:00]} Rxh3+
{[%clk 0:01:34]} 37. Kg2 {[%clk 0:26:00]} Rh2+ {[%clk 0:01:43]} 38. Kg1 {[%clk
0:26:00]} Rh1+ {[%clk 0:01:54]} 39. Kf2 {[%clk 0:27:00]} Qxd1 {[%clk 0:01:54]}
0-1

[Event "Campeonato España Sub 14"]
[Site "Salobreña"]
[Date "2017.07.19"]
[Round "4"]
[White "Huerta Llorens, Arnau"]
[Black "Barragan Arriaza, Pablo"]
[Result "0-1"]
[Board "21"]
[WhiteClock "n/a"]
[WhiteElo "1612"]
[WhiteCountry "ESP"]
[WhiteFideId "32086865"]
[WhiteEloChange "-3"]
[BlackClock "n/a"]
[BlackElo "1916"]
[BlackCountry "ESP"]
[BlackFideId "32057130"]
[BlackEloChange "3"]

1. e4 {[%clk 1:30:30]} e5 {[%clk 1:30:30]} 2. Nf3 {[%clk 1:30:30]} Nc6 {[%clk
1:30:30]} 3. d4 {[%clk 1:30:30]} exd4 {[%clk 1:30:30]} 4. Nxd4 {[%clk 1:30:30]}
Bc5 {[%clk 1:30:30]} 5. Be3 {[%clk 1:30:30]} Qf6 {[%clk 1:30:30]} 6. c3 {[%clk
1:30:30]} Nge7 {[%clk 1:30:30]} 7. Be2 {[%clk 1:30:30]} O-O {[%clk 1:30:30]} 8.
O-O {[%clk 1:30:30]} Bb6 {[%clk 1:30:30]} 9. f4 {[%clk 1:30:30]} d5 {[%clk
1:30:30]} 10. e5 {[%clk 1:30:30]} Qh6 {[%clk 1:30:30]} 11. Qd3 {[%clk 1:30:30]}
Nxd4 {[%clk 1:30:30]} 12. cxd4 {[%clk 1:30:30]} Bf5 {[%clk 1:30:30]} 13. Qd2
{[%clk 1:30:30]} Bxb1 {[%clk 1:30:30]} 14. Raxb1 {[%clk 1:30:30]} Nf5 {[%clk
1:30:30]} 15. Bd3 {[%clk 1:30:30]} Nxd4 {[%clk 1:30:30]} 16. Bxh7+ {[%clk
1:30:30]} Kxh7 {[%clk 1:30:30]} 17. Bxd4 {[%clk 1:30:30]} Bxd4+ {[%clk 1:30:30]}
18. Qxd4 {[%clk 1:30:30]} Qb6 {[%clk 1:30:30]} 19. Rbd1 {[%clk 1:30:30]} Rfd8
{[%clk 1:30:30]} 20. Rf3 {[%clk 1:30:30]} Qxd4+ {[%clk 1:30:30]} 21. Rxd4 {[%clk
1:30:30]} c5 {[%clk 1:30:30]} 22. Rd2 {[%clk 1:30:30]} d4 {[%clk 1:30:30]} 23.
Kf2 {[%clk 1:30:30]} b5 {[%clk 1:30:30]} 24. g4 {[%clk 1:30:30]} c4 {[%clk
1:30:30]} 25. h4 {[%clk 1:30:30]} b4 {[%clk 1:30:30]} 26. Rc2 {[%clk 1:30:30]} d3
{[%clk 1:30:30]} 27. Rd2 {[%clk 1:30:30]} Rac8 {[%clk 1:30:30]} 28. Ke1 {[%clk
1:30:30]} c3 {[%clk 1:30:30]} 29. bxc3 {[%clk 1:30:30]} bxc3 {[%clk 1:30:30]} 30.
Rdxd3 {[%clk 1:30:30]} Rxd3 {[%clk 1:30:30]} 31. Rxd3 {[%clk 1:30:30]} c2 {[%clk
1:30:30]} 32. Rd1 {[%clk 1:30:30]} cxd1Q+ {[%clk 1:30:30]} 33. Kxd1 {[%clk
1:30:30]} Rc4 {[%clk 1:30:30]} 0-1

[Event "Campeonato España Sub 14"]
[Site "Salobreña"]
[Date "2017.07.19"]
[Round "4"]
[White "Escartin Lacasa, Jose"]
[Black "Dartmann Aubanell, Catriona"]
[Result "1-0"]
[Board "22"]
[WhiteClock "1:30"]
[WhiteElo "1906"]
[WhiteCountry "ESP"]
[WhiteFideId "32080042"]
[WhiteEloChange "3"]
[BlackClock "1:30"]
[BlackElo "1610"]
[BlackCountry "ESP"]
[BlackFideId "24585270"]
[BlackEloChange "-3"]

1. d4 {[%clk 1:30:00]} d5 {[%clk 1:30:00]} 2. Nf3 {[%clk 1:31:00]} Nf6 {[%clk
1:31:00]} 3. c4 {[%clk 1:31:00]} c6 {[%clk 1:31:00]} 4. e3 {[%clk 1:31:00]} g6
{[%clk 1:31:00]} 5. Be2 {[%clk 1:31:00]} Bg7 {[%clk 1:31:00]} 6. Nc3 {[%clk
1:31:00]} e6 {[%clk 1:30:00]} 7. O-O {[%clk 1:31:00]} O-O {[%clk 1:30:00]} 8. c5
{[%clk 1:31:00]} Nbd7 {[%clk 1:30:00]} 9. b4 {[%clk 1:30:00]} b6 {[%clk 1:27:00]}
10. Bb2 {[%clk 1:27:00]} Bb7 {[%clk 1:25:00]} 11. Qc2 {[%clk 1:17:00]} Re8 {[%clk
1:18:00]} 12. Rac1 {[%clk 1:15:00]} Rc8 {[%clk 1:13:00]} 13. Rfd1 {[%clk
1:03:00]} a5 {[%clk 1:02:00]} 14. bxa5 {[%clk 0:52:00]} bxc5 {[%clk 1:01:00]} 15.
a6 {[%clk 0:52:00]} Ba8 {[%clk 1:00:00]} 16. dxc5 {[%clk 0:52:00]} Nxc5 {[%clk
0:58:00]} 17. Na4 {[%clk 0:49:00]} Nxa4 {[%clk 0:54:00]} 18. Qxa4 {[%clk
0:48:00]} c5 {[%clk 0:46:00]} 19. Bb5 {[%clk 0:45:00]} Re7 {[%clk 0:46:00]} 20.
Bc3 {[%clk 0:43:00]} Nd7 {[%clk 0:43:00]} 21. Ba5 {[%clk 0:41:00]} Nb6 {[%clk
0:42:00]} 22. Qf4 {[%clk 0:37:00]} e5 {[%clk 0:38:00]} 23. Qg4 {[%clk 0:36:00]}
Re6 {[%clk 0:34:00]} 24. Ng5 {[%clk 0:31:00]} Rd6 {[%clk 0:33:00]} 25. Qh3 {[%clk
0:30:00]} d4 {[%clk 0:25:00]} 26. exd4 {[%clk 0:14:20]} h6 {[%clk 0:21:00]} 27.
Nxf7 {[%clk 0:13:16]} Kxf7 {[%clk 0:20:00]} 28. Bxb6 {[%clk 0:12:49]} Qxb6 {[%clk
0:17:50]} 29. Qxc8 {[%clk 0:11:57]} Qxb5 {[%clk 0:15:13]} 30. Qxa8 {[%clk
0:12:09]} Rxa6 {[%clk 0:14:29]} 31. Qd5+ {[%clk 0:12:31]} Kf8 {[%clk 0:14:14]}
32. dxc5 {[%clk 0:12:51]} Bf6 {[%clk 0:13:09]} 33. c6 {[%clk 0:13:02]} Qxd5
{[%clk 0:10:37]} 34. Rxd5 {[%clk 0:13:25]} Ra8 {[%clk 0:11:00]} 35. c7 {[%clk
0:12:46]} Rc8 {[%clk 0:11:11]} 36. g3 {[%clk 0:11:54]} Kf7 {[%clk 0:09:56]} 37.
a4 {[%clk 0:12:12]} Ke6 {[%clk 0:09:25]} 38. Rb5 {[%clk 0:12:34]} Kd7 {[%clk
0:08:32]} 39. Rb7 {[%clk 0:13:00]} Be7 {[%clk 0:08:30]} 40. a5 {[%clk 0:13:13]}
Bd6 {[%clk 0:08:25]} 41. a6 {[%clk 0:13:32]} Bxc7 {[%clk 0:08:17]} 42. a7 {[%clk
0:13:47]} Kd6 {[%clk 0:07:33]} 43. Rcxc7 {[%clk 0:13:47]} 1-0

[Event "Campeonato España Sub 14"]
[Site "Salobreña"]
[Date "2017.07.19"]
[Round "4"]
[White "Alcon Llosada, Alex"]
[Black "Fernandez Garcia, Gumersindo"]
[Result "1-0"]
[Board "23"]
[WhiteClock "1:30"]
[WhiteElo "1604"]
[WhiteCountry "AND"]
[WhiteFideId "6900780"]
[WhiteEloChange "16"]
[BlackClock "1:30"]
[BlackElo "1861"]
[BlackCountry "ESP"]
[BlackFideId "24516740"]
[BlackEloChange "-16"]

1. d4 {[%clk 1:30:00]} d5 {[%clk 1:30:00]} 2. c4 {[%clk 1:30:00]} c6 {[%clk
1:31:00]} 3. g3 {[%clk 1:28:00]} Nf6 {[%clk 1:30:00]} 4. Bg2 {[%clk 1:25:00]} Bf5
{[%clk 1:29:00]} 5. Nc3 {[%clk 1:22:00]} e6 {[%clk 1:28:00]} 6. Nf3 {[%clk
1:20:00]} h6 {[%clk 1:25:00]} 7. O-O {[%clk 1:18:00]} Nbd7 {[%clk 1:23:00]} 8.
Nd2 {[%clk 1:04:00]} Be7 {[%clk 1:13:00]} 9. e4 {[%clk 0:47:00]} dxe4 {[%clk
1:12:00]} 10. Ndxe4 {[%clk 0:46:00]} O-O {[%clk 1:10:00]} 11. h3 {[%clk 0:35:00]}
Nxe4 {[%clk 1:05:00]} 12. Nxe4 {[%clk 0:35:00]} Nb6 {[%clk 1:00:00]} 13. b3
{[%clk 0:30:00]} Nd7 {[%clk 0:47:00]} 14. Bb2 {[%clk 0:25:00]} Nf6 {[%clk
0:45:00]} 15. Qe2 {[%clk 0:17:10]} Nxe4 {[%clk 0:32:00]} 16. Bxe4 {[%clk
0:17:27]} Bxh3 {[%clk 0:30:00]} 17. Rfd1 {[%clk 0:14:55]} Bf5 {[%clk 0:22:00]}
18. Bxf5 {[%clk 0:12:38]} exf5 {[%clk 0:22:00]} 19. d5 {[%clk 0:09:59]} c5 {[%clk
0:18:16]} 20. Rd3 {[%clk 0:05:23]} Bd6 {[%clk 0:16:05]} 21. Re3 {[%clk 0:04:12]}
Re8 {[%clk 0:11:42]} 22. Re1 {[%clk 0:03:45]} Rxe3 {[%clk 0:11:06]} 23. Qxe3
{[%clk 0:03:45]} Qg5 {[%clk 0:09:31]} 24. Qxg5 {[%clk 0:03:18]} hxg5 {[%clk
0:09:37]} 25. Kg2 {[%clk 0:03:18]} Rd8 {[%clk 0:08:33]} 26. Be5 {[%clk 0:02:04]}
Re8 {[%clk 0:07:22]} 27. Bc3 {[%clk 0:01:59]} Rxe1 {[%clk 0:06:36]} 28. Bxe1
{[%clk 0:02:24]} f4 {[%clk 0:06:22]} 29. Kf3 {[%clk 0:02:02]} fxg3 {[%clk
0:05:18]} 30. fxg3 {[%clk 0:02:14]} Kh7 {[%clk 0:04:15]} 31. g4 {[%clk 0:01:45]}
g6 {[%clk 0:01:13]} 32. Ke4 {[%clk 0:01:40]} Kg7 {[%clk 0:00:58]} 33. Bc3+ {[%clk
0:01:27]} f6 {[%clk 0:01:10]} 34. a3 {[%clk 0:01:36]} Kf7 {[%clk 0:00:53]} 35. b4
{[%clk 0:01:34]} b6 {[%clk 0:00:33]} 36. bxc5 {[%clk 0:00:44]} Bxc5 {[%clk
0:00:36]} 37. Bb4 {[%clk 0:00:56]} Bxb4 {[%clk 0:00:05]} 38. axb4 {[%clk
0:01:21]} a5 {[%clk 0:00:58]} 39. c5 {[%clk 0:01:03]} a4 {[%clk 0:00:31]} 40.
cxb6 {[%clk 0:00:43]} a3 {[%clk 0:00:30]} 41. b7 {[%clk 0:00:43]} a2 {[%clk
0:01:24]} 42. b8Q {[%clk 0:00:51]} a1Q {[%clk 0:01:52]} 43. Qc7+ {[%clk 0:01:29]}
Kf8 {[%clk 0:01:53]} 44. d6 {[%clk 0:01:09]} Qe1+ {[%clk 0:01:39]} 45. Kd5 {[%clk
0:01:26]} Qxb4 {[%clk 0:01:05]} 46. Qe7+ {[%clk 0:01:25]} Kg8 {[%clk 0:01:24]}
47. Qe8+ {[%clk 0:00:57]} Kg7 {[%clk 0:01:39]} 48. Qe7+ {[%clk 0:01:20]} Kg8
{[%clk 0:01:49]} 49. Ke6 {[%clk 0:01:11]} Qxg4+ {[%clk 0:01:58]} 50. Kd5 {[%clk
0:00:57]} Qf3+ {[%clk 0:01:32]} 51. Kc5 {[%clk 0:00:55]} Qc3+ {[%clk 0:01:34]}
52. Kb6 {[%clk 0:01:09]} Qb4+ {[%clk 0:01:37]} 53. Kc7 {[%clk 0:01:27]} Qc5+
{[%clk 0:01:10]} 54. Kd8 {[%clk 0:01:18]} Qa5+ {[%clk 0:00:48]} 55. Qc7 {[%clk
0:00:22]} Qa8+ {[%clk 0:01:17]} 56. Qc8 {[%clk 0:00:54]} Qa5+ {[%clk 0:01:34]}
57. Ke7+ {[%clk 0:00:58]} Kh7 {[%clk 0:01:41]} 58. Kf8 {[%clk 0:00:40]} Qb4
{[%clk 0:01:37]} 59. Qc7+ {[%clk 0:00:47]} Kh6 {[%clk 0:01:56]} 60. Kg8 {[%clk
0:00:53]} Kh5 {[%clk 0:01:18]} 61. d7 {[%clk 0:00:43]} Qb3+ {[%clk 0:01:12]} 62.
Kg7 {[%clk 0:00:38]} g4 {[%clk 0:00:36]} 63. Qd8 {[%clk 0:00:54]} g3 {[%clk
0:01:13]} 64. Qh8+ {[%clk 0:01:37]} Kg4 {[%clk 0:01:13]} 1-0